Živé ploty a tvarované dřeviny v zahradě

Gespeichert in:
Bibliographische Detailangaben
1. Verfasser: Šonský, Drahoslav (Verfasst von)
Format: Buch
Sprache:Tschechisch
Veröffentlicht: Praha : Grada, 2000
Ausgabe:1.vyd.-dotlač
Tags: Tag hinzufügen
Keine Tags, Fügen Sie das erste Tag hinzu!

MARC

LEADER 00000nam a22000003a 4500
001 stu73065
005 20150617225647.2
008 011219s2000----xr------------------cze-d
020 |a 80-7169-823-7 
040 |a STU  |b slo 
041 0 |a cze 
044 |a xr 
080 |a 712.2  |7 stu_us_auth*stu13842 
080 |a 69.028.8 
100 1 |a Šonský, Drahoslav  |4 aut 
245 1 |a Živé ploty a tvarované dřeviny v zahradě 
250 |a 1.vyd.-dotlač 
260 |a Praha :  |b Grada,  |c 2000 
300 |a 90 s.;obr 
996 |b 284V028453  |c V*47166/O-20472  |l VVT  |s A  |a 24  |w stu73065_0001